000 00286 a2200109 4500
001 ART_7171
005 20260410161623.0
008 260409a
245 1 0 _aAbsorción de pérdidas
100 1 _aPiñeiro, Horacio
773 0 _tEnfoques
_g- Nº 7 (jul. 2011)
_wREV416
999 _c11699
_d11699